000 00353cam a2200145ua 4500
041 _aeng
_h
082 _a822
_bAES/SE
100 _aAeschylus, .
245 _aSeven against thebes /
_cAeschylus.
_hTextual Documents
260 _aLondon :
_bGeorge Allen & Unwin Ltd ,
_c1959.
300 _a93 ; .
504 _a
942 _cBK
999 _c4448
_d4448